| 000 | 00927cad a22002295a 4500 | ||
|---|---|---|---|
| 001 | E151791 | ||
| 008 | 101213s2010 xxk f 100 0 eng d | ||
| 020 | _a9781842196199 | ||
| 035 | _a(Sirsi) u151791 | ||
| 041 | 0 | _aeng | |
| 100 | 1 | _aO' Leary, Terry | |
| 111 | 2 |
_aConstruction and Building Research Conference _cDauphine Universite, Paris _d2-3 September 2010 |
|
| 245 | 0 | 0 |
_aDomestic on-site wastewater treatment in Ireland _h[electronic resource] |
| 260 |
_aLondon _bRICS _c2010 |
||
| 520 | _aA paper presented at the COBRA Conference in Paris on 2-3 September 2010. | ||
| 590 | _aKA | ||
| 650 | 2 | 4 | _aCONSTRUCTION AND BUILDING RESEARCH CONFERENCE (COBRA) |
| 651 | 4 |
_aIreland (Republic of) _y |
|
| 690 | _aENVIRONMENTAL AND LAND CONSULTANCY-WATER RESOURCE MANAGEMENT | ||
| 856 | 4 | 0 |
_uhttps://www.rics.org/Global/Downloads/DomesticOnSiteWastewaterTreatmentCOBRA2010OLeary.pdf _zBroken link - not available |
| 942 | _n0 | ||
| 999 |
_c111625 _d111625 |
||